[Event "Helsingor Xtracon op"]
[Site "Helsingor"]
[Date "2017.07.27"]
[Round "7"]
[White "Hestholm, Freddy"]
[Black "Huse, Lars Paul"]
[Result "1-0"]
[WhiteElo "1249"]
[BlackElo "1163"]
[PlyCount "83"]
[EventDate "2017.07.22"]
[EventType "swiss"]
[EventRounds "10"]
[EventCountry "DEN"]
[SourceTitle "CBM 179 Extra"]
[Source "ChessBase"]
[SourceDate "2017.08.23"]
[SourceVersion "1"]
[SourceVersionDate "2017.08.23"]
[SourceQuality "1"]

1. e4 c5 2. d4 cxd4 3. c3 dxc3 4. Nxc3 Nc6 5. Nf3 e5 6. Bc4 h6 7. Nxe5 Nxe5 8. Bb3 d6 9. f4 Nc6 10. 0-0 Qc7 11. Nd5 Qd7 12. f5 Ne5 13. Nf4 Nf6 14. Be3 Be7 15. Bd4 0-0 16. Nh5 Nxh5 17. Qxh5 Bf6 18. Be3 Qe7 19. Rac1 b6 20. Rc3 Ba6 21. Bxh6 gxh6 22. Rg3+ Kh7 23. Rh3 Bg5 24. f6 Qe6 25. Bxe6 Bxf1 26. Kxf1 fxe6 27. Rc3 Rxf6+ 28. Ke1 Raf8 29. Rc7+ Kg8 30. Kd1 Rf1+ 31. Kc2 R1f2+ 32. Kb3 R2f4 33. Qd1 Rxe4 34. Qxd6 Re3+ 35. Kb4 Re4+ 36. Kb3 Re3+ 37. Rc3 Rxc3+ 38. bxc3 Nf7 39. Qxe6 Rd8 40. h3 Rd3 41. Qg6+ Kf8 42. Qxd3 1-0

[Event "Helsingor Xtracon op"]
[Site "Helsingor"]
[Date "2017.07.26"]
[Round "6"]
[White "Kvamme, Thomas Jordre"]
[Black "Hestholm, Freddy"]
[Result "1-0"]
[WhiteElo "1327"]
[BlackElo "1249"]
[PlyCount "67"]
[EventDate "2017.07.22"]
[EventType "swiss"]
[EventRounds "10"]
[EventCountry "DEN"]
[SourceTitle "CBM 179 Extra"]
[Source "ChessBase"]
[SourceDate "2017.08.23"]
[SourceVersion "1"]
[SourceVersionDate "2017.08.23"]
[SourceQuality "1"]

1. d4 Nf6 2. Nf3 e6 3. Bf4 c5 4. c3 Qb6 5. Qc2 Nc6 6. e3 Nh5 7. Bg5 Be7 8. Be2 Bxg5 9. Nxg5 Nf6 10. 0-0 d5 11. Nd2 Ne7 12. Rab1 a6 13. b4 cxd4 14. cxd4 0-0 15. b5 a5 16. a4 Bd7 17. Nb3 Rac8 18. Qd3 h6 19. Nf3 Ne4 20. Ne5 Rfd8 21. Rbc1 f6 22. Nxd7 Rxd7 23. Rxc8+ Nxc8 24. f3 Ng5 25. Nc5 Rc7 26. f4 Ne4 27. Nxe4 dxe4 28. Qxe4 f5 29. Qd3 Nd6 30. d5 Rc4 31. dxe6 Re4 32. Rf3 Rxe6 33. Qb3 Kf8 34. Qxe6 1-0

[Event "Sandnes CC-ch B"]
[Site "Sandnes"]
[Date "2017.04.18"]
[Round "6"]
[White "Hestholm, Freddy"]
[Black "Hansen, Odd Rune"]
[Result "1/2-1/2"]
[WhiteElo "1238"]
[BlackElo "1248"]
[PlyCount "133"]
[EventDate "2017.02.07"]
[EventType "swiss"]
[EventRounds "7"]
[EventCountry "NOR"]
[SourceTitle "EXT 2024"]
[Source "ChessBase"]
[SourceDate "2023.10.10"]
[SourceVersion "1"]
[SourceVersionDate "2023.10.10"]
[SourceQuality "1"]

1. e4 b6 2. d4 c5 3. d5 Bb7 4. Nf3 Qc7 5. Nc3 a6 6. a4 c4 7. g3 d6 8. Bf4 Nd7 9. Bg2 h6 10. 0-0 g5 11. Bd2 Bg7 12. Be3 e5 13. dxe6 fxe6 14. Nd4 Bxd4 15. Qh5+ Ke7 16. Bxd4 Ngf6 17. Qf3 e5 18. Be3 Raf8 19. Qd1 Nc5 20. Nd5+ Nxd5 21. exd5 a5 22. Qg4 Kd8 23. Qxc4 Ba6 24. Qg4 Bc8 25. Bxg5+ hxg5 26. Qxg5+ Qe7 27. Qxe7+ Kxe7 28. Rfe1 Bh3 29. Bh1 Rhg8 30. f4 Rxf4 31. Bg2 Bxg2 32. gxf4 Bxd5+ 33. Kf1 Ke6 34. Re2 Bc4 35. Rae1 Bxe2+ 36. Rxe2 Nxa4 37. c4 Nc5 38. Kf2 Nb3 39. h4 Nd4 40. Re1 Rg4 41. fxe5 dxe5 42. h5 Rh4 43. Rg1 Rxh5 44. Rg6+ Kf5 45. Rxb6 Rh2+ 46. Ke3 Nc2+ 47. Kf3 Nb4 48. Rb5 Rxb2 49. Rxa5 Ra2 50. Rb5 Ra3+ 51. Ke2 Nc6 52. Rd5 Ke4 53. Kd2 Ra5 54. Rd6 Rc5 55. Kc3 Ke3 56. Rd5 Rxd5 57. cxd5 Nd8 58. d6 e4 59. d7 Ke2 60. Kd4 e3 61. Kd5 Kd2 62. Kd6 e2 63. Ke7 e1Q+ 64. Kxd8 Qe6 65. Kc7 Qe7 66. Kc8 Qe6 67. Kc7 1/2-1/2

[Event "Helsingor Xtracon op"]
[Site "Helsingor"]
[Date "2016.07.29"]
[Round "8"]
[White "Hestholm, Freddy"]
[Black "Nielsen, Bent K"]
[Result "1-0"]
[WhiteElo "1281"]
[BlackElo "1349"]
[PlyCount "55"]
[EventDate "2016.07.23"]
[EventType "swiss"]
[EventRounds "10"]
[EventCountry "DEN"]
[SourceTitle "CBM 173 Extra"]
[Source "ChessBase"]
[SourceDate "2016.08.29"]
[SourceVersion "1"]
[SourceVersionDate "2016.08.29"]
[SourceQuality "1"]

1. e4 c5 2. d4 cxd4 3. c3 Nf6 4. Bd3 Nc6 5. Nf3 dxc3 6. Nxc3 e6 7. 0-0 a6 8. e5 Nd5 9. Ne4 Be7 10. Nd6+ Bxd6 11. exd6 h6 12. Qe2 Qf6 13. a3 Nf4 14. Qe4 Nxd3 15. Qxd3 b5 16. Bd2 Bb7 17. Bc3 Qg6 18. Qxg6 fxg6 19. Bxg7 Rh7 20. Be5 Nxe5 21. Nxe5 g5 22. Rac1 Rc8 23. Rxc8+ Bxc8 24. Ng4 Kf7 25. Rc1 Bb7 26. Rc7 Bc6 27. Ne5+ Ke8 28. Rc8# 1-0

[Event "Helsingor Xtracon op"]
[Site "Helsingor"]
[Date "2016.07.27"]
[Round "6"]
[White "Hestholm, Freddy"]
[Black "Vinter, Christoffer"]
[Result "0-1"]
[WhiteElo "1281"]
[BlackElo "1509"]
[PlyCount "62"]
[EventDate "2016.07.23"]
[EventType "swiss"]
[EventRounds "10"]
[EventCountry "DEN"]
[SourceTitle "CBM 173 Extra"]
[Source "ChessBase"]
[SourceDate "2016.08.29"]
[SourceVersion "1"]
[SourceVersionDate "2016.08.29"]
[SourceQuality "1"]

1. e4 c5 2. d4 cxd4 3. c3 d3 4. Bxd3 Nc6 5. Nf3 e5 6. 0-0 Nf6 7. Bg5 Be7 8. Nbd2 d5 9. Bb5 h6 10. Bh4 Bg4 11. Bxf6 Bxf6 12. Be2 d4 13. cxd4 exd4 14. Qb3 Qb6 15. Bb5 0-0 16. Rac1 Na5 17. Qa4 Rfd8 18. b4 a6 19. Bd3 Nc6 20. Nc4 Qxb4 21. Qxb4 Nxb4 22. Nb6 Nxd3 23. Rc7 Ne5 24. Nxa8 Rxa8 25. Nxe5 Bxe5 26. Rxb7 d3 27. f3 Be6 28. Rd1 Rd8 29. Kf2 Bxa2 30. Ke3 Bc4 31. Rc7 Bxc7 0-1

[Event "Sandnes CC-ch E"]
[Site "Sandnes"]
[Date "2016.??.??"]
[Round "3"]
[White "Dahle, Harald M"]
[Black "Hestholm, Freddy"]
[Result "1-0"]
[WhiteElo "1067"]
[BlackElo "710"]
[PlyCount "87"]
[EventDate "2016.02.02"]
[EventType "swiss"]
[EventRounds "7"]
[EventCountry "NOR"]
[SourceTitle "EXT 2024"]
[Source "ChessBase"]
[SourceDate "2023.10.10"]
[SourceVersion "1"]
[SourceVersionDate "2023.10.10"]
[SourceQuality "1"]

1. e4 e5 2. Nf3 Nf6 3. Nxe5 d6 4. Nf3 Nxe4 5. d4 d5 6. Nbd2 Be7 7. Bd3 Nxd2 8. Bxd2 0-0 9. 0-0 Re8 10. h3 c5 11. c3 c4 12. Be2 Bf5 13. Ne5 Bd6 14. Nf3 Qf6 15. Nh2 Nd7 16. Bg4 Bd3 17. Bxd7 Bxh2+ 18. Kxh2 Qd6+ 19. Kg1 Qxd7 20. Re1 Re6 21. Rxe6 Qxe6 22. Qf3 Re8 23. Re1 Be4 24. Qg3 Qg6 25. Qxg6 fxg6 26. f3 Kf7 27. fxe4 dxe4 28. Kf2 Kf6 29. Ke3 g5 30. g4 Kg6 31. Rf1 h5 32. Rf5 hxg4 33. hxg4 a6 34. Ke2 Rh8 35. Rxg5+ Kf7 36. Rh5 Rg8 37. Ke3 g6 38. Rh7+ Kf6 39. Rxb7 Kg5 40. Re7 Kxg4 41. Rxe4+ Kf5 42. Rf4+ Kg5 43. Kf3 Rh8 44. Rf8+ 1-0

[Event "Sandnes CC-ch E"]
[Site "Sandnes"]
[Date "2016.??.??"]
[Round "5"]
[White "Hestholm, Freddy"]
[Black "Becht, Andreas"]
[Result "0-1"]
[WhiteElo "710"]
[BlackElo "980"]
[PlyCount "86"]
[EventDate "2016.02.02"]
[EventType "swiss"]
[EventRounds "7"]
[EventCountry "NOR"]
[SourceTitle "EXT 2024"]
[Source "ChessBase"]
[SourceDate "2023.10.10"]
[SourceVersion "1"]
[SourceVersionDate "2023.10.10"]
[SourceQuality "1"]

1. e4 e5 2. Nf3 Nc6 3. b4 Bxb4 4. c3 Be7 5. d4 Na5 6. Be2 Nf6 7. dxe5 Nxe4 8. Qd5 Nc5 9. Bg5 c6 10. Qd2 Ne4 11. Bxe7 Qxe7 12. Qd4 Nc5 13. Na3 Ne6 14. Qg4 Qxa3 15. 0-0 Qxc3 16. Rfc1 Qa3 17. Ng5 Nxg5 18. Qxg5 0-0 19. Rd1 Re8 20. Rd3 Qe7 21. Rg3 Qxg5 22. Rxg5 d5 23. Bd3 Nc4 24. Re1 Be6 25. f4 d4 26. f5 Bd5 27. f6 g6 28. Bxc4 Bxc4 29. a4 b5 30. Rg4 c5 31. axb5 Bxb5 32. Rg3 a6 33. Rf3 h6 34. e6 Rxe6 35. Rxe6 fxe6 36. f7+ Kg7 37. g4 Rf8 38. Rf4 Rxf7 39. Re4 Bc4 40. Re5 a5 41. Rxc5 Bb3 42. Rxa5 d3 43. Ra3 d2 0-1